LEADER 01725nam a2200337 u 4500 001 000000012890 003 CaOOAMICUS 005 20070226105606.0 008 941125s1966 au u000 u ger u 035 $a10309264 040 $aIAR$bita 041 1 $ager$hgrc 100 0 $aNicetas Choniates,$dm. 1216.$0(OLS)http://pul/name/4836 240 10$aOrationes$9(Nicetas Choniates, m. 1216).$lTedesco.$0(OLS)http://pul/title/18649 245 10$aKaisertaten und Menschenschicksale im Spiegel der Schönen Rede :$bReden und Briefe des Niketas Choniates /$cÜbersetzt, eingeleitet und erklärt von Franz Grabler. 260 $aGraz :$bStyria,$c1966. 300 $a403 p. ;$c19 cm 490 1 $aByzantinische Geschichtsschreiber ;$vBd. 11 650 0$aRhetoric$zByzantine Empire.$2//eng$0(OLS)http://pul/subject/9498 651 0$aByzantine Empire$xHistory$y1081-1453.$2//eng$0(OLS)http://pul/subject/9499 700 0 $aNicetas Choniates,$dm. 1216.$tEpistulae$9(Nicetas Choniates, m. 1216)$lTedesco.$0(OLS)http://pul/name/12220 700 1 $aGrabler, Franz.$0(OLS)http://pul/name/4838 830 0$aByzantinische Geschichtsschreiber ;$vBd. 11.$0(OLS)http://pul/title/18651 850 $aPUL 852 $aPUL$W1$xDP1 Fondo Maccarrone$y58$m1502 B 43$j18165$nBK-PRI$b $qFondi$B18165$CPULBib$Z2$F18165 $H $81 900 $aNiceta Coniate,$dm. 1216$94836 900 $aAcominato Niceta,$dm. 1216$94836 941 1 $a1 961 $aINV: 00630 -- Fondo Mons. M. Maccarrone 996 $6245$aKaisertaten und Menschenschicksale im Spiegel der Schönen Rede :$bReden und Briefe des Niketas Choniates$9(OLS)http://pul/title/18650 996 $6260$aGraz :$bStyria$9(OLS)http://pul/publisher/50556 LEADER 01072nam a2200277 u 4500 001 000000072429 003 CaOOAMICUS 005 20070226122235.0 008 020617s1963 it u000 u ita u 035 $a10933623 040 $aPUL(R)$bita 041 1 $aita$heng 100 1 $aMerton, Thomas,$cO.C.R.,$d1915-1968.$0(OLS)http://pul/name/4749 240 10$aSilent life.$lItaliano.$0(OLS)http://pul/title/95277 245 10$aVita nel silenzio /$cThomas Merton. 260 $aBrescia :$bMorcelliana,$c1963. 300 $a186 p., 32 c. di tav. :$bill. ;$c25 cm 504 $aBibliografia in nota. 610 24$aCamaldolesi.$0(OLS)http://pul/subject/12804 650 4$aMonachismo e ordini religiosi.$0(OLS)http://pul/subject/757 850 $aPUL 852 $aPUL$W1$xDP1 Religione 1$y20$m579 H 32$j93688$nBK-PRI$b $qStampati$B93688$CPULBib$Z2$F93688 $H $81 941 1 $a8 961 $aINV: 62411 996 $6245$aVita nel silenzio$9(OLS)http://pul/title/95278 996 $6260$aBrescia :$bMorcelliana$9(OLS)http://pul/publisher/47854